| 000 | 00996nam a22003137a 4500 | ||
|---|---|---|---|
| 003 | CHAP | ||
| 005 | 20220329143315.0 | ||
| 008 | 080425d2006 us a r 00010 eng d | ||
| 010 | _a94748 | ||
| 011 | _a95720 | ||
| 020 | _a0131134124 | ||
| 035 | _a106350 | ||
| 040 | _cCHAP | ||
| 082 | 0 | 0 |
_a636.2 _bT9 2006 |
| 100 | 1 |
_aTyler, Howard D. _9115736 |
|
| 245 | 1 | 0 |
_aDairy cattle science _c/por Howar D. Tyler y M. E. Ensminger |
| 250 | _a4 ed. | ||
| 260 |
_aColumbus, Ohio : _bPearson - Prentice Hall, _c2006 |
||
| 300 |
_aix, 417 p. : _bilus. |
||
| 590 |
_aBATCH-UPD _b10 _c20130110 _lUCH01 _h1729 |
||
| 590 |
_aBATCH-UPD _b10 _c20130410 _lUCH01 _h1111 |
||
| 590 |
_aBATCH-UPD _b10 _c20130914 _lUCH01 _h1518 |
||
| 590 |
_aCONVERSION _b10 _c20130109 _lUCH01 _h1352 |
||
| 650 | 1 | 4 |
_aGanado lechero _xAlimentación. _945238 |
| 700 | 0 |
_aEnsminger, Milton Eugene. _937104 |
|
| 901 | _aBK | ||
| 942 | _cLIBRO | ||
| 949 |
_a636.2 T9 2006 _bBC _cLIBRO _d33724002060751 _eLIBRO _gIc/e. _h109464 _i106350 _si _t$885.00 |
||
| 999 |
_c94748 _d94748 |
||